Vista normal
Vista MARC
Entrada Personal Name
Número de registros utilizados en: 2
001 - CONTROL NUMBER
- control field: 38538
003 - CONTROL NUMBER IDENTIFIER
- control field: OSt
005 - DATE AND TIME OF LATEST TRANSACTION
- control field: 20230915232050.0
008 - FIXED-LENGTH DATA ELEMENTS
- fixed length control field: 230915|| aca||aabn | a|a d
040 ## - CATALOGING SOURCE
- Original cataloging agency: OSt
- Transcribing agency: OSt
100 ## - HEADING--PERSONAL NAME
- Personal name: Minguet Fructuoso, Josep María Ed
670 ## - SOURCE DATA FOUND
- Source citation: Work cat.: (OSt)32901: Quintanilla Martínez, Manuel 38537, Cuidados integrales de enfermería gerontogeriátricos María Dolores Bernabeu Tamayo ; editor Josep María Minguet Fructuoso, España Instituto Monsa de Ediciones Monsa - Prayma Ediciones 2006.